خواص المواد الخام السيراميكيه / (رقم التسجيلة. 9469)

تفاصيل مارك
000 -LEADER
fixed length control field 00626nam a22001937a 4500
005 - DATE AND TIME OF LATEST TRANSACTION
control field 20251108164328.0
008 - FIXED-LENGTH DATA ELEMENTS--GENERAL INFORMATION
fixed length control field 250721s1986 xx 000 0 ara d
082 14 - DEWEY DECIMAL CLASSIFICATION NUMBER
Classification number 666/ريا
100 1# - MAIN ENTRY--PERSONAL NAME
Personal name ريان، و.
245 10 - TITLE STATEMENT
Title خواص المواد الخام السيراميكيه /
264 1# - PRODUCTION, PUBLICATION, DISTRIBUTION, MANUFACTURE, AND COPYRIGHT NOTICE
Place of production, publication, distribution, manufacture البصره :
Name of producer, publisher, distributor, manufacturer دار التقني للطباعه و النشر،
Date of production, publication, distribution, manufacture, or copyright notice 1986.
300 ## - PHYSICAL DESCRIPTION
Extent 140ص
650 17 - SUBJECT ADDED ENTRY--TOPICAL TERM
Topical term or geographic name as entry element صناعة الخزف
700 1# - ADDED ENTRY--PERSONAL NAME
Personal name عيسى، فاضل بندر
Relator term ترجمة
700 1# - ADDED ENTRY--PERSONAL NAME
Personal name عكاشه، ماجد محمد
700 1# - ADDED ENTRY--PERSONAL NAME
Personal name السيد، فوزي عبد الهادي
942 ## - ADDED ENTRY ELEMENTS (KOHA)
Source of classification or shelving scheme Dewey Decimal Classification
Koha item type كتب
المقتنيات
حالة السحب حالة الفقدان مصدر التصنيف حالة التلف غير قابل للإعارة المكتبة الرئيسية المكتبة الحالية موقع الرف تاريخ التزويد الرقم المتسلسل Total Checkouts رقم الإستدعاء الباركود تاريخ آخر ظهور تاريخ الفاتورة نوع المادة (كوها)
    Dewey Decimal Classification     مكتبة الأميرة ايمان العامة مكتبة الأميرة ايمان العامة الإعارة 13/11/2013 [7060]   666/ريا PLD00285945 28/07/2025 13/11/2013 كتب
Implemented & Customized by: BBB with SCIT (Smart Chains for Information Technology)

Powered by Koha